Gestión del talento humano : el nuevo papel de los recursos humanos en las organizaciones /

Guardado en:
Bibliografiske detaljer
Hovedforfatter: Chiavenato, Idalberto (autor)
Format: Bog
Sprog:spansk
Udgivet: Bogotá, Colombia : McGraw-Hill, 2002, c2002
Fag:
Tags: Tilføj Tag
Ingen Tags, Vær først til at tagge denne postø!

MARC

LEADER 00000nam^a2200000^a^4500
001 000152718
005 20250521000000.0
009 20260310100255.302
020 |a 958-41-0288-5 
037 |a Acervo ITESO - Biblioteca 
041 |a ESP 
082 |a 658. 3  |b CHI 
100 |a Chiavenato, Idalberto  |e (autor) 
240 1 1 |a [Gestión del talento humano: el nuevo papel de los recursos humanos en las organizaciones] 
245 1 0 |a Gestión del talento humano :  |b el nuevo papel de los recursos humanos en las organizaciones /  |c I. Chiavenato ; tr. por Germán Villamizar. 
264 4 |a Bogotá, Colombia :  |b McGraw-Hill,  |c 2002, c2002 
300 |a XXVIII, 475 p. 
336 |a texto  |b txt  |2 rdacontenido 
337 |a sin mediación  |b n  |2 rdamedio 
338 |a volumen  |b nc  |2 rdasoporte 
500 |a Traducción de: Gestao de pessoas. O novo papel dos recursos humanos nas organizaçoes 
649 |a XX 
650 |a Motivación Laboral 
650 |a Evaluación del Desempeño 
650 |a Desarrollo Profesional 
650 |a Seguridad Social 
650 |a Seguridad Industrial 
650 |a Administración de Sueldos y Salarios 
650 |a Descripción y Valuación de Puestos 
650 |a Cambio Organizacional 
650 |a Desarrollo Organizacional 
650 |a Selección y Contratación de Personal 
650 |a Recursos Humanos -  |x Dirección 
650 |a Administración 
650 |a Ciencias Administrativas 
910 |a Fondo General 
920 |a Impresos - Libros 
930 |a Colección General 
905 |a 101 
901 |a 0500081983  |b IT1  |c ACC  |u 20250521 
901 |a 0500100504  |b IT1  |c ACC  |u 20250521 
901 |a 0500100526  |b IT1  |c ACC  |u 20250521 
902 |a https://opac.biblio.iteso.mx/vufind/Record/000152718